000 02988nas1a22003011i 4500
001 RU\NLR\Per\1231299
005 20260407231514.0
035 _a(NLR Aleph) 011142302
090 _a11626122
_c11626122
100 _a20160524a20169999|||y0rusy50 ca
101 0 _arus
102 _aRU
110 _aay|||||||||
200 1 _aСевзапстройцена. Индексы изменения сметной стоимости строительства к ценам ТСНБ-ЛО-2001 в редакции 2014 г., ТЕР-ЛО-2001 в редакции 2001-2007 гг.
_eежемесячный бюллетень
_eиздание официальное
_fЛенингр. обл. РЦЦС
210 _aСанкт-Петербург
_c[б.и.]
_d2016 -
300 _aВ надзаг. также: Ленингр. обл., Правительство Ленингр. обл.
311 _aРанее выходил как: Севзапстройцена. Индексы изменения сметной стоимости строительства к базе 1984 г., к ценам ТЕР-2001 и к ценам ФЕР-2001
430 0 _12001#$aСевзапстройцена. Индексы изменения сметной стоимости строительства к базе 1984 г., к ценам ТЕР-2001 и к ценам ФЕР-2001
_tСевзапстройцена. Индексы изменения сметной стоимости строительства к базе 1984 г., к ценам ТЕР-2001 и к ценам ФЕР-2001
517 1 _aСевзапстройцена. Индексы изменения сметной стоимости строительства к ценам ТСНБ-ЛО-2001 в редакции 2014 г.
517 1 _aИндексы изменения сметной стоимости строительства к ценам ТСНБ-ЛО-2001 в редакции 2014 г., ТЕР-ЛО-2001 в редакции 2001-2007гг.
712 0 2 _4570
_aЛенинградский областной региональный центр по ценообразованию в строительстве
_cСанкт-Петербург
_3RU\NLR\AUTH\8810156945
_9809299
852 _aNLR
_bПт
_jП-2/202
942 _cJOURNAL
980 _aRUSPER